| 000 | 00539nam a2200157Ia 4500 | ||
|---|---|---|---|
| 008 | 230907s9999||||xx |||||||||||||| ||und|| | ||
| 082 |
_a621.1 _bASI |
||
| 100 |
_aRaja Muhammad Asim Feroz (00000206014) _9116504 |
||
| 245 | 0 | _aShort-term wind resource forecasting for the wind farm, under the influence of extreme seasonal variations and inter-farms wake / | |
| 260 |
_aUSPCAS-E, NUST, _bIslamabad : _c2020 |
||
| 300 | _a70 p. | ||
| 520 | _aTH-204 | ||
| 650 | _aMS-TEE-Thesis MS Thesis | ||
| 700 | _aDr. Adeel Javed | ||
| 942 |
_cTHE _2ddc |
||
| 999 |
_c601883 _d601883 |
||